000 00354 a2200169 4500
001 183150
020 _a
040 _cMagnum
100 _aFraga, Helio
240 1 0 _aA família, último lugar?
_lpor
245 1 0 _aA família, último lugar?
300 _a93
362 0 _a1987
440 1 _aPaulinas
697 _aLITERATURA GERAL
942 _cBK
999 _c183150
_d183150